000 00961cam a2200325 a 4500
003 data
005 20260322212052.0
008 data
010 _a97039152 //r98
020 _a0446523399
020 _a9780446523394
040 _aDLC
_cDLC
_dBGU
043 _at------
_at------
050 0 0 _aPS3554.I367
_bI28 1998
082 0 0 _a813/.54
_221
099 _aDIETRW
100 1 _aDietrich, William,
_d1951-
245 1 0 _aIce reich /
_cWilliam Dietrich.
260 _aNew York :
_bWarner Books,
_cc1998.
300 _a375 p. ;
_c24 cm.
500 _aMap of Atropos Island on endpapers.
600 1 0 _aGöring, Hermann,
_d1893-1946
_xFiction.
611 2 0 _aDeutsche Antarktische Expedition
_d(1938-1939)
_xFiction.
650 0 _aAmericans
_zAntarctica
_xFiction.
650 0 _aWorld War, 1939-1945
_xFiction.
651 0 _aAntarctica
_xFiction.
_xGerman
_xFiction.
655 7 _aHistorical fiction.
_2gsafd.
655 7 _aAdventure stories.
_2gsafd.
001 data
999 _c1237
_d1237